Život v idei (K storočnici Jana Patočku a Igora Hrušovského)
Jan Patočka a Igor Hrušovský - zakladateľské osobnosti modernej českej a slovenskej filozofie. Patočkova filozofia existencie: život v pravde, zápas o priestor vnútornej slobody. Hrušovského teória bytia: dialekticko-štrukturálne ponímanie sveta, ontické bytie, ontotvorný subjekt.
Saved in:
| Main Author: | |
|---|---|
| Format: | Book Chapter |
| Language: | Slovak |
| Subjects: | |
| Tags: |
No Tags, Be the first to tag this record!
|
MARC
| LEADER | 00000naa$a2200000$$$4500 | ||
|---|---|---|---|
| 001 | 0059158 | ||
| 005 | 20231121093411.2 | ||
| 041 | 0 | |a slo | |
| 044 | |a SK | ||
| 245 | 1 | 0 | |a Život v idei (K storočnici Jana Patočku a Igora Hrušovského) |c Vladimír Bakoš |
| 520 | |a Jan Patočka a Igor Hrušovský - zakladateľské osobnosti modernej českej a slovenskej filozofie. Patočkova filozofia existencie: život v pravde, zápas o priestor vnútornej slobody. Hrušovského teória bytia: dialekticko-štrukturálne ponímanie sveta, ontické bytie, ontotvorný subjekt. | ||
| 610 | 2 | 0 | |a filozofia |
| 610 | 2 | 0 | |a dejiny filozofie |
| 610 | 2 | 0 | |a subjekt |
| 610 | 2 | 0 | |a sloboda |
| 610 | 2 | 0 | |a hodnota |
| 610 | 2 | 0 | |a svet |
| 610 | 2 | 0 | |a morálka |
| 610 | 2 | 0 | |a veda |
| 100 | 1 | |a Bakoš, Vladimír | |